| 000 | 00434nam a2200193Ia 4500 | ||
|---|---|---|---|
| 005 | 20250423100325.0 | ||
| 008 | 250422s9999 xx 000 0 und d | ||
| 020 | _a9780335235650 | ||
| 050 | _aPN 4731 .A45/ | ||
| 100 | _aAllan, Stuart | ||
| 245 | 0 | _aNews culture | |
| 250 | _a3rd ed. | ||
| 260 | _aNew York | ||
| 260 | _bOpen University Press | ||
| 260 | _c2010 | ||
| 300 | _a311 p | ||
| 650 | _a Journalism. | ||
| 942 | _cBK | ||
| 999 |
_c32959 _d32959 |
||